01149nam a2200241Ia 4500952011000000999001700110008004100127020001800168050002300186100002600209240002700235245014300262260003400405300003600439500001600475500005200491505018700543519008400730650001900814650004000833700002700873942000700900 00104070a11b11d2007-11-20l6oNC997 S7618 2006p11 006741r2014-10-01s2014-09-30t1w2012-06-26yLB c71671d71671120626s2006 si a 000 0 spa d a9788425221422 aNC997 bS7618 2006 aStoklossa, Uweeautor aBlicktrickslespañol aTrucos publicitarios b: Instrucciones sobre seducción visualc/ Uwe, Stoklossa: Thomas, Rempen; traducción de María García Freire aEspaña b: Gustavo Gilic,  a207 páginasb: ilustraciones  aBlicktricks aIncluye: Indice, Indice de agencias, Apéndice aFigura y fondo BI-Y Tridimensional Primer plano- Segundo plano Pequeño y grande Formaciones Puesta en escena Visión en contexto Contornos Texto e imagen In situ aMaterial Complementario/ bDiseño y comunicación visual / d(11 006741)  0aARTE COMERCIAL 0aPUBLICIDADxASPECTOS PSICOLÓGICOS aRempen, Thomaseeditor cLB